000 00325nam a2200121Ia 4500
008 220216s9999 xx 000 0 und d
100 _aThomas Kurian K
245 0 _aIndian rubber plantation industry in retrospect
260 _bIndian Rubber Journal
_c2003
300 _a54-60
650 _aPlantation industry
942 _cJS
999 _c61099
_d61099